000 00710nam a2200241Ia 4500
003 OSt
005 20221007081940.0
006 a|||||r|||| 00| 0
007 ta
008 221006b |||||||| |||| 00| 0 eng d
024 _a26,981
037 _cReports / Technical Reports
040 _aFLL
_cFLL
_beng
041 _2eng
_aeng
082 _aV73:259Zy7, L0
100 _aLockhart William B.
_9698356
245 0 _aConstitutional rights and liberties
250 _a3rd
260 _aSt. Paul ,
_bMinn. West Publishing Co. St. Minn.
_c1970
300 _alxviii,1-1074p
_ccm.
942 _hV73:259Zy7, L0
_cREP
_2CC
999 _c1164825
_d1164825